[Event "Bayern-ch Seniors 12th"]
[Site "Schloss Schney"]
[Date "2000.??.??"]
[Round "1"]
[White "Kampen, Johann"]
[Black "Market, Heinrich"]
[Result "1-0"]
[WhiteElo "1856"]
[BlackElo "1772"]
[PlyCount "59"]
[EventDate "2000.11.02"]
[EventType "swiss"]
[EventRounds "9"]
[EventCountry "GER"]
[SourceTitle "EXT 2002"]
[Source "ChessBase"]
[SourceDate "2001.11.25"]
[SourceVersion "1"]
[SourceVersionDate "2001.11.25"]
[SourceQuality "1"]

1. e4 e6 2. d4 d5 3. e5 c5 4. c3 Nc6 5. Nf3 Qb6 6. Be2 cxd4 7. cxd4 Bb4+ 8. Kf1 Bd7 9. h4 f6 10. Be3 Be7 11. b3 Rc8 12. h5 Qc7 13. Nc3 fxe5 14. Nb5 Qb8 15. dxe5 a6 16. Nd6+ Bxd6 17. exd6 Qxd6 18. Rc1 Nf6 19. Bc5 Qb8 20. Ba3 Ne5 21. Rxc8+ Bxc8 22. Qd4 Nc6 23. Qh4 Qc7 24. h6 Qf7 25. hxg7 Qxg7 26. Bb2 0-0 27. Rh3 Ne7 28. Rg3 Ng6 29. Qg5 Ne4 30. Bxg7 1-0

[Event "Bayern-ch Seniors 12th"]
[Site "Schloss Schney"]
[Date "2000.??.??"]
[Round "4"]
[White "Manfeldt, Alfred"]
[Black "Market, Heinrich"]
[Result "1-0"]
[WhiteElo "1730"]
[BlackElo "1772"]
[PlyCount "57"]
[EventDate "2000.11.02"]
[EventType "swiss"]
[EventRounds "9"]
[EventCountry "GER"]
[SourceTitle "EXT 2002"]
[Source "ChessBase"]
[SourceDate "2001.11.25"]
[SourceVersion "1"]
[SourceVersionDate "2001.11.25"]
[SourceQuality "1"]

1. d4 e6 2. Nf3 d5 3. e3 c5 4. c3 Nc6 5. Bd3 Nf6 6. Nbd2 Bd6 7. 0-0 0-0 8. dxc5 Bxc5 9. e4 Qc7 10. Re1 Re8 11. e5 Ng4 12. Bxh7+ Kh8 13. Nd4 Ncxe5 14. h3 Kxh7 15. hxg4 Rh8 16. Qe2 Ng6 17. N2f3 Kg8 18. g3 Bd7 19. Be3 Bd6 20. Kg2 Ne7 21. Rh1 Rxh1 22. Rxh1 e5 23. Nb5 Qc6 24. Nxd6 Qxd6 25. Ng5 Qg6 26. f3 f5 27. Bc1 Nc6 28. Qb5 Qd6 29. Rh8+ 1-0

[Event "Bayern-ch Seniors 12th"]
[Site "Schloss Schney"]
[Date "2000.??.??"]
[Round "3"]
[White "Market, Heinrich"]
[Black "Schurig, Wilhelm"]
[Result "0-1"]
[WhiteElo "1772"]
[BlackElo "2125"]
[PlyCount "115"]
[EventDate "2000.11.02"]
[EventType "swiss"]
[EventRounds "9"]
[EventCountry "GER"]
[SourceTitle "EXT 2002"]
[Source "ChessBase"]
[SourceDate "2001.11.25"]
[SourceVersion "1"]
[SourceVersionDate "2001.11.25"]
[SourceQuality "1"]

1. d4 g6 2. c4 Bg7 3. Nc3 c5 4. e3 Nf6 5. g3 0-0 6. Bg2 Na6 7. Nge2 d6 8. 0-0 cxd4 9. exd4 Rb8 10. Nb5 Bf5 11. a3 d5 12. c5 Nc7 13. Nxc7 Qxc7 14. Bf4 Qd7 15. Bxb8 Rxb8 16. Nc3 b6 17. cxb6 Rxb6 18. b4 Rc6 19. Rc1 Bh6 20. f4 Bh3 21. Qd2 Bxg2 22. Qxg2 Bg7 23. Qd2 Rc4 24. Ne2 Ne4 25. Qd3 Qc6 26. Rxc4 dxc4 27. Qc2 Qd5 28. Rd1 g5 29. Kf1 Nf6 30. Ng1 Ne4 31. Ne2 Nd6 32. Ng1 Nf5 33. Qe2 gxf4 34. gxf4 c3 35. Rc1 Qxd4 36. Qf2 Qc4+ 37. Ne2 Bd4 38. Qg2+ Kf8 39. Qa8+ Kg7 40. Qg2+ Kf6 41. Qe4 Qa2 42. Ke1 Qxa3 43. b5 Qb2 44. Qd3 Qd2+ 45. Qxd2 cxd2+ 46. Kxd2 Be3+ 47. Kd3 Bxc1 48. Nxc1 Nd6 49. Kc3 Nxb5+ 50. Kb4 Nd6 51. Ka5 Kf5 52. Ne2 Ke4 53. Ka6 Ke3 54. Nc3 e6 55. Kxa7 Kxf4 56. Kb6 Ke3 57. Kc6 Ne4 58. Nb5 0-1

[Event "Bayern-ch Seniors 11th"]
[Site "Schloss Schney"]
[Date "1999.??.??"]
[Round "1"]
[White "Patzer, Joachim"]
[Black "Market, Heinrich"]
[Result "1-0"]
[WhiteElo "1833"]
[BlackElo "1744"]
[PlyCount "59"]
[EventDate "1999.11.??"]
[EventType "swiss"]
[EventRounds "9"]
[EventCountry "GER"]
[SourceTitle "EXT 2002"]
[Source "ChessBase"]
[SourceDate "2001.11.25"]
[SourceVersion "1"]
[SourceVersionDate "2001.11.25"]
[SourceQuality "1"]

1. d4 e6 2. g3 d5 3. Bg2 c5 4. c3 Nc6 5. Nf3 Nf6 6. 0-0 cxd4 7. Nxd4 Bd7 8. Bf4 a6 9. a4 Be7 10. b4 0-0 11. Re1 Ne8 12. e4 dxe4 13. Bxe4 Qc8 14. Nf3 Bf6 15. Qd3 Nc7 16. Bxh7+ Kh8 17. Be5 Nd5 18. Bxf6 Nxf6 19. Be4 Nxe4 20. Rxe4 g6 21. Rh4+ Kg7 22. Qd2 e5 23. Qh6+ Kf6 24. Nbd2 Rh8 25. Ne4+ Ke6 26. Nc5+ Ke7 27. Qg5+ f6 28. Qxg6 Qf8 29. Rh7+ Rxh7 30. Qxh7+ 1-0

[Event "Bayern-ch Seniors 10th"]
[Site "Schloss Schney"]
[Date "1998.??.??"]
[Round "9"]
[White "Fassmann, Kurt"]
[Black "Market, Heinrich"]
[Result "1-0"]
[WhiteElo "1940"]
[BlackElo "1675"]
[PlyCount "81"]
[EventDate "1998.07.03"]
[EventType "swiss"]
[EventRounds "9"]
[EventCountry "GER"]
[SourceTitle "EXT 2006"]
[Source "ChessBase"]
[SourceDate "2005.11.24"]
[SourceVersion "1"]
[SourceVersionDate "2005.11.24"]
[SourceQuality "1"]

1. d4 Nf6 2. Nf3 e6 3. Bf4 b6 4. e3 Bb7 5. Bd3 Be7 6. 0-0 0-0 7. h3 d5 8. Nbd2 Nbd7 9. c4 Re8 10. Rc1 Nf8 11. c5 c6 12. b4 b5 13. a4 a6 14. Ra1 Ng6 15. Bh2 Nd7 16. Bxg6 hxg6 17. axb5 axb5 18. Nb3 f6 19. Na5 Qc8 20. Qc2 Nf8 21. Ra3 Qd7 22. Rfa1 Kf7 23. R1a2 Bc8 24. Qb1 Ra7 25. Qa1 Bd8 26. Nxc6 Rxa3 27. Nxd8+ Qxd8 28. Rxa3 Bb7 29. Bd6 Qd7 30. Ra7 Qc6 31. Nh4 g5 32. Nf3 Ng6 33. Qa5 Ra8 34. Rxa8 Bxa8 35. Nd2 Bb7 36. Nb3 Qd7 37. Qb6 Kg8 38. Na5 Bc8 39. Qb8 Kh7 40. c6 Qe8 41. Qxb5 1-0

[Event "Bayern-ch Seniors 10th"]
[Site "Schloss Schney"]
[Date "1998.??.??"]
[Round "8"]
[White "Market, Heinrich"]
[Black "Mann, Dieter"]
[Result "1-0"]
[WhiteElo "1675"]
[BlackElo "1810"]
[PlyCount "83"]
[EventDate "1998.07.03"]
[EventType "swiss"]
[EventRounds "9"]
[EventCountry "GER"]
[SourceTitle "EXT 2006"]
[Source "ChessBase"]
[SourceDate "2005.11.24"]
[SourceVersion "1"]
[SourceVersionDate "2005.11.24"]
[SourceQuality "1"]

1. d4 Nf6 2. c4 g6 3. Nc3 d5 4. e3 Bg7 5. Nf3 0-0 6. Bd3 b6 7. Qc2 Bb7 8. cxd5 Nxd5 9. Bc4 c6 10. a3 Nd7 11. 0-0 N7f6 12. Bd3 Nxc3 13. bxc3 Rc8 14. Qe2 c5 15. Nd2 Nd5 16. Bb2 e5 17. c4 Nc7 18. dxe5 Qe7 19. f4 Rcd8 20. Ne4 Qd7 21. Rad1 Qa4 22. Qc2 Qxc2 23. Bxc2 Ba6 24. Bb3 Bb7 25. Nf6+ Kh8 26. g4 Ne6 27. h4 h5 28. gxh5 Bxf6 29. exf6 gxh5 30. Kf2 Be4 31. Rxd8 Rxd8 32. Rd1 Rg8 33. Rg1 Rd8 34. Bc1 Kh7 35. Bd1 Kh6 36. Bf3 Bxf3 37. Kxf3 Rd3 38. f5 Nd4+ 39. Ke4 Ne2 40. Rg8 Kh7 41. Rg7+ Kh8 42. Kxd3 1-0

[Event "Unterfranken-ch HA 48th"]
[Site "Bergrheinfeld"]
[Date "1997.??.??"]
[Round "3"]
[White "Mangold, Stefan"]
[Black "Market, Heinrich"]
[Result "0-1"]
[WhiteElo "1502"]
[BlackElo "1700"]
[PlyCount "88"]
[EventDate "1997.03.31"]
[EventType "swiss"]
[EventRounds "9"]
[EventCountry "GER"]
[SourceTitle "EXT 2015"]
[Source "ChessBase"]
[SourceDate "2014.11.20"]
[SourceVersion "1"]
[SourceVersionDate "2014.11.20"]
[SourceQuality "1"]

1. e4 e6 2. d4 d5 3. e5 c5 4. Bb5+ Nc6 5. Bxc6+ bxc6 6. Nf3 cxd4 7. Nxd4 Qb6 8. 0-0 Ne7 9. c3 Ng6 10. Re1 c5 11. Nc2 Be7 12. c4 dxc4 13. Nca3 Ba6 14. Nc3 0-0 15. Qe2 Qb4 16. Rb1 Rfd8 17. Qc2 Rd7 18. Qa4 Qxa4 19. Nxa4 Rad8 20. Nc3 Bf8 21. f4 Ne7 22. h3 Nf5 23. Kh2 h5 24. Nc2 Nd4 25. Ne3 g6 26. h4 Be7 27. Kh3 Kg7 28. Rf1 Nc6 29. Rf2 Rd3 30. g4 hxg4+ 31. Kxg4 Rh8 32. Rh2 f6 33. exf6+ Bxf6 34. Ne4 Be7 35. Ng5 Nd8 36. h5 Bd6 37. Rh4 gxh5+ 38. Rxh5 Rxh5 39. Kxh5 Bxf4 40. Nxe6+ Nxe6 41. Nf5+ Kf6 42. Bxf4 Nxf4+ 43. Kg4 Ng6 44. Rf1 Bc8 0-1

[Event "Unterfranken-ch HA 48th"]
[Site "Bergrheinfeld"]
[Date "1997.??.??"]
[Round "2"]
[White "Market, Heinrich"]
[Black "Hinterleitner, Gerhard"]
[Result "0-1"]
[WhiteElo "1700"]
[BlackElo "1875"]
[PlyCount "80"]
[EventDate "1997.03.31"]
[EventType "swiss"]
[EventRounds "9"]
[EventCountry "GER"]
[SourceTitle "EXT 2015"]
[Source "ChessBase"]
[SourceDate "2014.11.20"]
[SourceVersion "1"]
[SourceVersionDate "2014.11.20"]
[SourceQuality "1"]

1. d4 d5 2. e4 e6 3. Nd2 dxe4 4. Nxe4 Nd7 5. Nf3 Ngf6 6. Ng3 b6 7. Bd3 Bb7 8. 0-0 Be7 9. Qe2 0-0 10. Bd2 c5 11. Bc3 Qc7 12. Rfe1 Rac8 13. Ng5 c4 14. Be4 Bxe4 15. N3xe4 Nxe4 16. Nxe4 Nf6 17. Ng5 h6 18. Nf3 Bd6 19. Ne5 Bxe5 20. dxe5 Nd5 21. Bd4 Rfd8 22. Qe4 Qc6 23. a3 a5 24. Rad1 b5 25. c3 Ne7 26. f4 Qxe4 27. Rxe4 Rd5 28. Rd2 Rcd8 29. Ree2 Nf5 30. g4 Nxd4 31. cxd4 Rxd4 32. Rxd4 Rxd4 33. Rf2 g5 34. h3 Rxf4 35. Re2 Rd4 36. Kg2 Rd3 37. Kh2 Kg7 38. Kg2 Kg6 39. Kh2 b4 40. axb4 axb4 0-1

[Event "Unterfranken-ch HA 48th"]
[Site "Bergrheinfeld"]
[Date "1997.??.??"]
[Round "7"]
[White "Oster, Stefan"]
[Black "Market, Heinrich"]
[Result "1/2-1/2"]
[WhiteElo "1628"]
[BlackElo "1700"]
[PlyCount "81"]
[EventDate "1997.03.31"]
[EventType "swiss"]
[EventRounds "9"]
[EventCountry "GER"]
[SourceTitle "EXT 2015"]
[Source "ChessBase"]
[SourceDate "2014.11.20"]
[SourceVersion "1"]
[SourceVersionDate "2014.11.20"]
[SourceQuality "1"]

1. Nf3 d5 2. d4 e6 3. e3 c5 4. b3 Nc6 5. Bb2 Nf6 6. Bd3 cxd4 7. Nxd4 a6 8. Nd2 Bd6 9. c4 Ne5 10. Be2 dxc4 11. 0-0 cxb3 12. Qxb3 Bd7 13. N4f3 Ng6 14. Nc4 Bc7 15. Rad1 Qb8 16. Nb6 Bxb6 17. Qxb6 Bc6 18. Ba3 Nd5 19. Qb2 f6 20. Nd4 Bd7 21. Bf3 Nge7 22. Bxe7 Kxe7 23. Nf5+ exf5 24. Rxd5 Be6 25. Qb4+ Kf7 26. Rd6 Qc7 27. Rb6 Rab8 28. a3 Bc4 29. Rc1 Rhc8 30. Rxb7 Rxb7 31. Qxb7 Qxb7 32. Bxb7 Rb8 33. Rxc4 Rxb7 34. Kf1 Rb3 35. Ra4 Rb6 36. Ke2 Rd6 37. f4 g5 38. g3 h5 39. h4 Kg6 40. Rd4 Rb6 41. Rb4 1/2-1/2

[Event "Unterfranken-ch H1 46th"]
[Site "Karlburg"]
[Date "1995.??.??"]
[Round "?"]
[White "Market, Heinrich"]
[Black "Neubacher, Doris"]
[Result "1-0"]
[WhiteElo "1671"]
[BlackElo "1555"]
[PlyCount "69"]
[EventDate "1995.04.17"]
[EventType "swiss"]
[EventRounds "9"]
[EventCountry "GER"]
[SourceTitle "EXT 2015"]
[Source "ChessBase"]
[SourceDate "2014.11.20"]
[SourceVersion "1"]
[SourceVersionDate "2014.11.20"]
[SourceQuality "1"]

1. d4 d5 2. e4 c5 3. dxc5 d4 4. c3 e5 5. b4 Nf6 6. f3 Be6 7. Bb5+ Nc6 8. cxd4 Qxd4 9. Qxd4 exd4 10. Bb2 0-0-0 11. Bxc6 bxc6 12. Nd2 d3 13. g4 Kb7 14. Nb3 Be7 15. Kd2 Bxb3 16. axb3 Rd7 17. Nh3 Rhd8 18. Nf2 Ne8 19. h4 g5 20. h5 Nc7 21. Rhe1 Ne6 22. Re3 Nxc5 23. bxc5 Bxc5 24. Rd1 Bxe3+ 25. Kxe3 d2 26. Bf6 Rb8 27. Rxd2 Kc8 28. Rxd7 Kxd7 29. Bxg5 Rxb3+ 30. Ke2 a5 31. Nd3 Rb5 32. Be3 a4 33. Nc5+ Kd6 34. Nxa4 Rb4 35. Bc5+ 1-0

[Event "Unterfranken-ch H1 46th"]
[Site "Karlburg"]
[Date "1995.??.??"]
[Round "?"]
[White "Riesterer, Michael"]
[Black "Market, Heinrich"]
[Result "0-1"]
[WhiteElo "1673"]
[BlackElo "1671"]
[PlyCount "94"]
[EventDate "1995.04.17"]
[EventType "swiss"]
[EventRounds "9"]
[EventCountry "GER"]
[SourceTitle "EXT 2015"]
[Source "ChessBase"]
[SourceDate "2014.11.20"]
[SourceVersion "1"]
[SourceVersionDate "2014.11.20"]
[SourceQuality "1"]

1. d4 d5 2. c4 e6 3. Nc3 Nf6 4. Bg5 Be7 5. e3 0-0 6. Nf3 c6 7. Be2 Nbd7 8. Qc2 Re8 9. 0-0 a6 10. c5 h6 11. Bxf6 Bxf6 12. b4 e5 13. Rab1 e4 14. Nd2 Nf8 15. a4 Bd7 16. b5 a5 17. b6 g6 18. Nb3 Bg7 19. Qd2 Bf5 20. Ra1 h5 21. Nd1 Qg5 22. Re1 Bh3 23. Bf1 Ne6 24. Kh1 Bf5 25. f4 exf3 26. gxf3 Nxc5 27. Nxc5 Bf8 28. Qg2 Qf6 29. Nf2 Bxc5 30. dxc5 Rxe3 31. Red1 Rae8 32. Kg1 Rc3 33. Rdc1 Rxc5 34. Rxc5 Qxa1 35. Qg3 Re1 36. Qg2 Qd4 37. Rxa5 Bd3 38. Ra8+ Kg7 39. Qh3 Rxf1+ 40. Qxf1 Bxf1 41. Kxf1 Qxb6 42. Nd3 Qe3 43. Ne1 Qb3 44. Kg2 d4 45. a5 d3 46. Rd8 Qa2+ 47. Kg3 Qxa5 0-1

[Event "Unterfranken-ch HB 45th"]
[Site "Oberweissenbrunn"]
[Date "1994.??.??"]
[Round "4"]
[White "Market, Heinrich"]
[Black "Poppe, Heiko"]
[Result "1/2-1/2"]
[WhiteElo "1637"]
[BlackElo "1699"]
[PlyCount "57"]
[EventDate "1994.04.04"]
[EventType "swiss"]
[EventRounds "9"]
[EventCountry "GER"]
[SourceTitle "EXT 2015"]
[Source "ChessBase"]
[SourceDate "2014.11.20"]
[SourceVersion "1"]
[SourceVersionDate "2014.11.20"]
[SourceQuality "1"]

1. d4 e6 2. e4 d5 3. Bd3 c5 4. c3 Nc6 5. Ne2 Nf6 6. e5 Nd7 7. 0-0 Qb6 8. Qb3 Qxb3 9. axb3 cxd4 10. cxd4 a6 11. Nbc3 Be7 12. Be3 0-0 13. f4 f5 14. Kh1 h5 15. h3 g6 16. Ng1 Nb4 17. Bb1 b6 18. Nf3 Bb7 19. Na2 Nxa2 20. Rxa2 Nb8 21. Bd3 Nc6 22. Bd2 Rfc8 23. Rfa1 b5 24. Kh2 Kf7 25. Rg1 Rg8 26. Raa1 Rgc8 27. g4 hxg4 28. hxg4 Rab8 29. Rg2 1/2-1/2

[Event "Unterfranken-ch HB 45th"]
[Site "Oberweissenbrunn"]
[Date "1994.??.??"]
[Round "2"]
[White "Market, Heinrich"]
[Black "Riedl, Matthias"]
[Result "1-0"]
[WhiteElo "1637"]
[BlackElo "1351"]
[PlyCount "45"]
[EventDate "1994.04.04"]
[EventType "swiss"]
[EventRounds "9"]
[EventCountry "GER"]
[SourceTitle "EXT 2015"]
[Source "ChessBase"]
[SourceDate "2014.11.20"]
[SourceVersion "1"]
[SourceVersionDate "2014.11.20"]
[SourceQuality "1"]

1. d4 c6 2. e4 d5 3. e5 Bf5 4. Bd3 Bxd3 5. Qxd3 e6 6. f4 g6 7. Nf3 Nd7 8. 0-0 c5 9. Be3 c4 10. Qe2 Ne7 11. b3 b5 12. a4 a6 13. axb5 axb5 14. Nc3 Rxa1 15. Rxa1 Qb8 16. Ra5 cxb3 17. Rxb5 Qc7 18. Rxb3 Nf5 19. Nb5 Qc8 20. Bf2 Be7 21. g4 Ng7 22. Bh4 f6 23. exf6 1-0

[Event "Unterfranken-ch HA 44th"]
[Site "Rieneck"]
[Date "1993.??.??"]
[Round "2"]
[White "Fassnacht, Anton"]
[Black "Market, Heinrich"]
[Result "0-1"]
[WhiteElo "1588"]
[BlackElo "1670"]
[PlyCount "84"]
[EventDate "1993.04.12"]
[EventType "swiss"]
[EventRounds "9"]
[EventCountry "GER"]
[SourceTitle "EXT 2015"]
[Source "ChessBase"]
[SourceDate "2014.11.20"]
[SourceVersion "1"]
[SourceVersionDate "2014.11.20"]
[SourceQuality "1"]

1. e4 e6 2. Nf3 d5 3. e5 c5 4. Bb5+ Nc6 5. 0-0 Bd7 6. Bxc6 Bxc6 7. d4 cxd4 8. Qxd4 Qc7 9. c3 Ne7 10. Nh4 Bd7 11. Na3 Nc6 12. Nb5 Qb8 13. Qf4 Nxe5 14. Nd4 Bd6 15. Qg3 Ng6 16. f4 0-0 17. Qg5 Be7 18. Qh5 Nxh4 19. g3 Nf5 20. Nxf5 exf5 21. Be3 Bf6 22. Rad1 g6 23. Qf3 Bc6 24. Bd4 Bxd4+ 25. Rxd4 Qc7 26. Rf2 Rae8 27. Qd1 Re4 28. h4 Rfe8 29. Kg2 h5 30. Rfd2 Re1 31. Qc2 Qe7 32. a4 Qe3 33. Rf2 Qc1 34. b3 Rg1+ 35. Kh3 Rh1+ 36. Rh2 Qxc2 37. Rxh1 Qxc3 38. Rhd1 Re3 39. R4d2 Rxg3+ 40. Kh2 Rh3+ 41. Kg1 Qe3+ 42. Rf2 d4 0-1

[Event "Unterfranken-ch HA 44th"]
[Site "Rieneck"]
[Date "1993.??.??"]
[Round "3"]
[White "Market, Heinrich"]
[Black "Ossig, Matthias"]
[Result "0-1"]
[WhiteElo "1670"]
[BlackElo "1798"]
[PlyCount "58"]
[EventDate "1993.04.12"]
[EventType "swiss"]
[EventRounds "9"]
[EventCountry "GER"]
[SourceTitle "EXT 2015"]
[Source "ChessBase"]
[SourceDate "2014.11.20"]
[SourceVersion "1"]
[SourceVersionDate "2014.11.20"]
[SourceQuality "1"]

1. d4 Nf6 2. c4 c5 3. d5 Ne4 4. Qc2 Qa5+ 5. Nd2 Nd6 6. e4 g6 7. Ngf3 Bg7 8. Bd3 Na6 9. 0-0 b5 10. cxb5 Nb4 11. Qb1 Nxb5 12. Nb3 Qb6 13. Nfd2 Nxd3 14. Nc4 Qc7 15. Qxd3 Ba6 16. Bd2 Nd6 17. Nba5 0-0 18. Rab1 Rab8 19. b3 Rb5 20. Nxd6 Rxa5 21. Bxa5 Qxa5 22. Nc4 Qxa2 23. Rfd1 Rb8 24. Rd2 Bxc4 25. Rxa2 Bxd3 26. Re1 Rxb3 27. f3 c4 28. Rd1 Bd4+ 29. Kh1 c3 0-1